000 00694cam a22002413a 4500
001 23827
003 PGUSA
005 20140828083516.0
008 071212s2007||||xxu|||||s|||||000 | eng d
040 _aPGUSA
_beng
042 _adc
050 4 _aPL
100 1 _aWu, Jianren,
_d1866-1910
245 1 0 _a胡涂世界
_h[electronic resource] /
_cJianren Wu
260 _bProject Gutenberg,
_c2007
500 _aThe book was published by Shi Jie Fan Hua newspaper office in A.D. 1906.
506 _aPublic domain in the USA.
516 _aElectronic text
740 0 _aHu Tu Shi Jie
830 0 _aProject Gutenberg
_v23827
856 4 0 _uhttp://www.gutenberg.org/ebooks/23827
942 _cEB
999 _c253082
_d253082